000
00280nam a22001337a 4500
003
SGT
020
_a
978-1-78713-674-8
082
_a
747
_b
BRU
100
_a
BRUCE, ALEXANDRA
245
_a
SUSTAINABLE STYLE
260
_a
USA
_b
LOVE PURD
_c
2021
300
_a
223
942
_2
ddc
_c
BK
999
_c
24720
_d
24720